Crítica de la modernidad

Guardat en:
Dades bibliogràfiques
Autor principal: Rubert de Ventós, Xavier (Autor)
Format: Llibre
Idioma:espanyol
Publicat: Barcelona Anagrama 1998
Col·lecció:Colección Argumentos
Matèries:
Etiquetes: Afegir etiqueta
Sense etiquetes, Sigues el primer a etiquetar aquest registre!

MARC

LEADER 00000nam a2200000 a 4500
001 UCO9389
003 CL-VaPUC
008 010302e19980000SP |||||||||||||||||spa|d
082 0 4 |a 301  |b RUB  |2 21 
100 0 |a Rubert de Ventós, Xavier  |e author  |9 454507 
245 1 0 |a Crítica de la modernidad 
300 |a 314 p 
942 |c BK 
945 |d 20010302 00:00:00  |a vberengu 
260 |a Barcelona  |b Anagrama  |c 1998 
650 0 |a Modernidad   |9 265371 
650 0 |a Sociología   |9 255410 
583 |a last modification  |c 20010302 00:00:00  |k Rodrigo Vera 
490 0 |a Colección Argumentos 
999 |c 293601  |d 293599 
952 |0 0  |1 0  |4 0  |6 301_000000000000000_RUB_1998  |7 0  |8 A  |9 345227  |a FDOPOS  |b FDOPOS  |d 2019-11-20  |i 3695263  |o 301 RUB 1998  |p 3695263  |r 2025-01-22  |w 2019-11-20  |y BK  |k MLA 
952 |0 0  |1 0  |4 0  |6 301_000000000000000_RUB_1998  |7 0  |8 A  |9 345228  |a FDOPOS  |b BIBEDU  |d 2019-11-20  |i 3676765  |l 1  |o 301 RUB 1998  |p 3676765  |r 2025-04-23  |s 2024-12-12  |w 2019-11-20  |y BK  |k MLA